Φύλλα οικολογίας 2005
Αποθηκεύτηκε σε:
| Συλλογικό Έργο: | , |
|---|---|
| Μορφή: | Βιβλίο |
| Γλώσσα: | Greek |
| Δημοσίευση: |
Αθήνα :
Γενική Γραμματεία Επικοινωνίας, Γενική Γραμματεία Ενημέρωσης,
2006
|
| Θέματα: | |
| Ετικέτες: |
Προσθήκη ετικέτας
Δεν υπάρχουν, Καταχωρήστε ετικέτα πρώτοι!
|
MARC
| LEADER | 00000cam a2200000 i 4500 | ||
|---|---|---|---|
| 001 | 1/49623 | ||
| 008 | 070730s2006 gre d | ||
| 020 | |a 9608862531 | ||
| 035 | |l 10089236 | ||
| 040 | |a GR-MY-UA |b gre |e aacr | ||
| 041 | 0 | |a gre | |
| 082 | 0 | |a 363.7309495 |2 (22) | |
| 245 | 0 | 0 | |a Φύλλα οικολογίας 2005 / |c Γενική Γραμματεία Επικοινωνίας, Γενική Γραμματεία Ενημέρωσης. |
| 260 | |a Αθήνα : |b Γενική Γραμματεία Επικοινωνίας, |b Γενική Γραμματεία Ενημέρωσης, |c 2006 | ||
| 300 | |a 189 σ. : |b φωτ. ; |c 21 εκ. | ||
| 650 | 0 | 0 | |a Ecology. |
| 650 | 0 | 0 | |a Environmental protection. |
| 710 | 1 | |a Ελλάδα. |b Γενική Γραμματεία Ενημέρωσης. | |
| 710 | 1 | |a Ελλάδα. |b Γενική Γραμματεία Επικοινωνίας. | |
| 852 | |a INST |b LESVOS |e 20070730 |h 363.7309495 ΦΥΛ |p 005100037233 |q 005100037233 |t BK |y 0 | ||
| 901 | |a BIBL1-2007-2 | ||
| 909 | |a Λ |b 137194 | ||
| 920 | |a ΓΕΝΙΚΗ ΓΡΑΜΜΑΤΕΙΑ ΕΠΙΚΟΙΝΩΝΙΑΣ |y ΛΕΣΒΟΣ |z 2007-07 | ||
| 922 | |a 1ΕΛΗ | ||
| 970 | |a ΚΑΜΑΤΣΟΥ |b ΔΕΣΠΟΙΝΑ |z 2007/07/30 | ||